| 000 | 00747nam a2200241 a 4500 | ||
|---|---|---|---|
| 005 | 20180803164947.0 | ||
| 008 | 140304b1998 ck ||||| |||| 00| 0 spa d | ||
| 040 |
_aCO-BoIAVH _cCO-BoIAVH |
||
| 041 | _aspa | ||
| 044 | _ack | ||
| 090 |
_aLB _b01877 |
||
| 100 | 1 |
_aFaust, Franz Xaver _914289 |
|
| 245 | 1 |
_aEtnobotánica de Puracé, Colombia _bbúsqueda de sistemas clasificatorios émicos funcionales |
|
| 260 |
_aPopayán _bS n. _c1988 |
||
| 300 | _a120 paginas | ||
| 650 | 1 | 4 |
_aEtnobotánica _969316 |
| 650 | 1 | 4 |
_aComunidad Coconuco _914291 |
| 650 | 1 | 4 |
_aPlantas útiles _969317 |
| 650 | 1 | 4 |
_aConocimiento tradicional _992244 |
| 650 | 1 | 4 |
_aInventarios _992201 |
| 662 |
_aColombia _cParque Nacional Natural Puracé _bCauca |
||
| 942 |
_cINFORME _2z |
||
| 999 |
_c2045 _d2045 |
||